Folk literature of the Gê indians
Uloženo v:
| Hlavní autoři: | , |
|---|---|
| Médium: | Kniha |
| Jazyk: | angličtina |
| Vydáno: |
Los Angeles
UCLA
1984
|
| Témata: | |
| Tagy: |
Přidat tag
Žádné tagy, Buďte první, kdo vytvoří štítek k tomuto záznamu!
|
MARC
| LEADER | 00000nam a2200000 a 4500 | ||
|---|---|---|---|
| 001 | UCR8427 | ||
| 003 | CL-VaPUC | ||
| 008 | 980529e19840000US |||||||||||||||||eng|d | ||
| 082 | 0 | 4 | |a 398.232 |b WIL |2 21 |
| 100 | 0 | |a Wilbert, Johannes |e author |9 410123 | |
| 700 | 0 | |a Simoneau, Karin |e author |9 410124 | |
| 245 | 1 | 0 | |a Folk literature of the Gê indians |
| 300 | |a v | ||
| 942 | |c BK | ||
| 945 | |d 19980529 00:00:00 |a cmena | ||
| 260 | |a Los Angeles |b UCLA |c 1984 | ||
| 650 | 7 | |a LEYENDAS |2 CL-VaPUC |9 265258 | |
| 650 | 0 | |a Costumbres y tradiciones |9 268292 | |
| 650 | 0 | |a Religión |9 255164 | |
| 650 | 0 | |a Mitología |9 255719 | |
| 650 | 7 | |a INDIOS BRASILEÑOS |2 CL-VaPUC |9 410125 | |
| 651 | 0 | |a Brasil |9 267393 | |
| 583 | |a last modification |c 19980529 00:00:00 |k Rodrigo Vera | ||
| 999 | |c 269832 |d 269830 | ||
| 952 | |0 0 |1 0 |4 0 |6 398_232000000000000_WIL_1984 |7 0 |8 A |9 303867 |a BIBEDU |b BIBEDU |d 2019-11-20 |h v.2 |i 1406523 |o 398.232 WIL 1984 |p 1406523 |r 2019-11-20 |w 2019-11-20 |y BK |k LIT | ||